Electrotherapy explained: (Record no. 1762)

MARC details
000 -LEADER
fixed length control field 00575nam a22002177a 4500
003 - CONTROL NUMBER IDENTIFIER
control field OSt
005 - DATE AND TIME OF LATEST TRANSACTION
control field 20150514144906.0
008 - FIXED-LENGTH DATA ELEMENTS--GENERAL INFORMATION
fixed length control field 150514b xxu||||| |||| 00| 0 eng d
020 ## - INTERNATIONAL STANDARD BOOK NUMBER
International Standard Book Number 9780750688437
040 ## - CATALOGING SOURCE
Transcribing agency DNLM
082 ## - DEWEY DECIMAL CLASSIFICATION NUMBER
Classification number WB495 R25v 2006
100 ## - MAIN ENTRY--PERSONAL NAME
Personal name Robertson, Val
9 (RLIN) 4635
245 ## - TITLE STATEMENT
Title Electrotherapy explained:
Remainder of title principles and practice
250 ## - EDITION STATEMENT
Edition statement 4th ed.
260 ## - PUBLICATION, DISTRIBUTION, ETC. (IMPRINT)
Place of publication, distribution, etc. Edinburgh;
Name of publisher, distributor, etc. Butterworth,
Date of publication, distribution, etc. 2006
300 ## - PHYSICAL DESCRIPTION
Extent xii,554p;
Other physical details ill:
Dimensions 25cm
504 ## - BIBLIOGRAPHY, ETC. NOTE
Bibliography, etc Index included
650 ## - SUBJECT ADDED ENTRY--TOPICAL TERM
Topical term or geographic name as entry element Electrotherapy
9 (RLIN) 4636
700 ## - ADDED ENTRY--PERSONAL NAME
Personal name Ward, Alex
9 (RLIN) 4637
942 ## - ADDED ENTRY ELEMENTS (KOHA)
Source of classification or shelving scheme Other/Generic Classification Scheme
Koha item type Open Shelf
Holdings
Withdrawn status Lost status Source of classification or shelving scheme Damaged status Not for loan Home library Current library Date acquired Source of acquisition Inventory number Total Checkouts Full call number Barcode Date last seen Koha item type Price effective from
    Dewey Decimal Classification     MUST Main Library MUST Main Library 14/05/2015   15/39099   WB495 R25v 2006 2015-1422 14/05/2015 Open Shelf  
    Dewey Decimal Classification     MUST Main Library MUST Main Library 01/06/2015   09/31312   WB495 R25v 2006 2015-1702 01/06/2015 Open Shelf  
    Other/Generic Classification Scheme     MUST Main Library MUST Main Library 07/03/2018   2017/40586   WB495 R25v 2006 2018-0160 07/03/2018 Open Shelf 07/03/2018